Voices of the French Revolution / (Record no. 112597)
[ view plain ]
| 000 -LEADER | |
|---|---|
| campo de control de longitud fija | 02361cam a2200325 a 4500 |
| 003 - IDENTIFICADOR DE NÚMERO DE CONTROL | |
| campo de control | BJBSDDR |
| 005 - FECHA Y HORA DE LA ÚLTIMA TRANSACCIÓN | |
| campo de control | 20230411090115.0 |
| 007 - CAMPO FIJO DE DESCRIPCIÓN FÍSICA--INFORMACIÓN GENERAL | |
| campo de control de longitud fija | ta |
| 008 - DATOS DE LONGITUD FIJA--INFORMACIÓN GENERAL | |
| campo de control de longitud fija | 190521s1988 maua b 000 0 eng |
| 020 ## - NÚMERO INTERNACIONAL ESTÁNDAR DEL LIBRO | |
| Número Internacional Estándar del Libro | 0881623385 : |
| 040 ## - FUENTE DE CATALOGACIÓN | |
| Centro catalogador/agencia de origen | DLC |
| Centro/agencia transcriptor | DLC |
| Lengua de catalogación | eng |
| 041 ## - CÓDIGO DE IDIOMA | |
| Código de lengua del texto/banda sonora o título independiente | spa |
| 043 ## - CÓDIGO DE ÁREA GEOGRÁFICA | |
| Código de área geográfica | e-fr--- |
| 050 00 - SIGNATURA TOPOGRÁFICA DE LA BIBLIOTECA DEL CONGRESO | |
| Número de clasificación | 318 DC 162 |
| Número de ítem | V889 1988 |
| 082 00 - NÚMERO DE LA CLASIFICACIÓN DECIMAL DEWEY | |
| Número de clasificación | 944.04 |
| Número de edición | 19 |
| 245 00 - MENCIÓN DEL TÍTULO | |
| Título | Voices of the French Revolution / |
| Mención de responsabilidad, etc. | Richard Cobb, general editor, Colin Jones, editor. |
| 260 ## - PUBLICACIÓN, DISTRIBUCIÓN, ETC. | |
| Lugar de publicación, distribución, etc. | Topsfield, Mass. : |
| Nombre del editor, distribuidor, etc. | Salem House Publishers, |
| Fecha de publicación, distribución, etc. | c1988. |
| 300 ## - DESCRIPCIÓN FÍSICA | |
| Extensión | 256 p. : |
| Otras características físicas | ill. (some col.) ; |
| Dimensiones | 30 cm. |
| 500 ## - NOTA GENERAL | |
| Nota general | Includes index. |
| 504 ## - NOTA DE BIBLIOGRAFÍA, ETC. | |
| Nota de bibliografía, etc. | Bibliography: p. 244-247. |
| 505 ## - NOTA DE CONTENIDO CON FORMATO | |
| Nota de contenido con formato | Chapter one: 1788-1789 The great hope, the american War of independence, the pre-revolution, the enlightenment, the third estate, the cahiers de doleances, the nobility, the first estate, town and country, philippe egalite, the peasantry, the seigneurial system, elections to the estates general, the luxury trades, fads and fashions, the court and politics. CHAPTER TWO:1789 The great fear the royal family, censorship, paris in the 18th century, the tennis court oath and the seance royale mirabeau 9- hunger, necker 10- the bastille, the conquerors of the bastille, the nation, the king and the law. 16- The Great fear: the peasant revolution. The night of 4 august 17- the rigts of man, versailes 19- Bailly. CHAPTER THREE: 1789-1791 20- Remaking france 24- the new departments 27- the one revolution looks at another 29- the guillotine 31- the jacobin clubs 33- Paper money, secrest gunds 34- Edmund burke 36- The hero of two worlds 38- fete de la federation 41- freemasons 43- The civil constitution of the clergy 45- Talleyrand: renegade or reformer? 46- Marie-Antoinette 49- Fersen: une liaison dangereuse?, the flight to varennes, the champ-de-mars- massacre 51- The constitution of 1791 CHAPTER FOUR: 1791-1792 55the war on tyranny 60- Counter-revolution at coblenz 62- The refracotry clergy |
| 651 #0 - PUNTO DE ACCESO ADICIONAL DE MATERIA--NOMBRE GEOGRÁFICO | |
| Nombre geográfico | France |
| Subdivisión general | History |
| Subdivisión cronológica | Revolution, 1789-1799 |
| 651 #4 - PUNTO DE ACCESO ADICIONAL DE MATERIA--NOMBRE GEOGRÁFICO | |
| Nombre geográfico | Francia |
| Subdivisión general | Historia |
| Subdivisión cronológica | Revolución, 1789-1799 |
| 9 (RLIN) | 1953 |
| 700 1# - ENTRADA AGREGADA--NOMBRE PERSONAL | |
| Nombre de persona | Jones, Colin |
| Fechas asociadas al nombre | 1947- |
| 9 (RLIN) | 4462 |
| 700 1# - ENTRADA AGREGADA--NOMBRE PERSONAL | |
| Nombre de persona | Cobb, Richard |
| 9 (RLIN) | 4796 |
| 906 ## - ELEMENTOS DE DATOS F LOCAL, LDF (RLIN) | |
| a | 7 |
| b | cbc |
| c | orignew |
| d | 1 |
| e | ocip |
| f | 19 |
| g | y-gencatlg |
| 942 ## - ELEMENTOS DE ENTRADA SECUNDARIOS (KOHA) | |
| Fuente del sistema de clasificación o colocación | Clasificación de Library of Congress |
| Tipo de ítem Koha | Libro |
| 946 ## - PROCESAMIENTO DE INFORMACIÓN LOCAL (OCLC) | |
| Iniciales del agente catalogador | LMF |
| Estatus retirado | Estado de pérdida | Estado de daño | No para préstamo | Colección | Biblioteca de origen | Biblioteca actual | Ubicación en estantería | Fecha de adquisición | Signatura topográfica completa | Código de barras | Visto por última vez | Copia número | Tipo de ítem Koha |
|---|---|---|---|---|---|---|---|---|---|---|---|---|---|
| Recursos Regionales | Biblioteca Juan Bosch | Biblioteca Juan Bosch | Recursos Regionales (2do. Piso) | 21/05/2019 | 318 DC 162 V889 1988 | 00000135814 | 21/05/2019 | 1 | Libro |
